logo

Bir Sreshtho Munshi Abdur Rouf Library
Jhenaidah Cadet College

The Collected plays of W. Somerset Magham / (Record no. 6521)

MARC details
000 -LEADER
fixed length control field 00543nam a2200205 a 4500
001 - CONTROL NUMBER
JCCL Control Number 6521
003 - CONTROL NUMBER IDENTIFIER
JCCL marc code BD-JhCC
005 - DATE AND TIME OF LATEST TRANSACTION
control field 20180303174023.0
008 - FIXED-LENGTH DATA ELEMENTS--GENERAL INFORMATION
fixed length control field 180124s1966 uk |||| |||| 000 0 eng d
035 ## - SYSTEM CONTROL NUMBER
system control number (BD-JhCC)6521
040 ## - CATALOGING SOURCE
Original cataloging agency BD-JhCC
Modifying agency BD-JhCC
041 ## - LANGUAGE CODE
Language code of Book eng
082 ## - DEWEY DECIMAL CLASSIFICATION NUMBER
Classification number 822.33
Author mark and Year MAU 1964
100 ## - MAIN ENTRY--PERSONAL NAME
Personal name Maugham, W. Somerset
245 ## - TITLE STATEMENT
Title The Collected plays of W. Somerset Magham /
Statement of responsibility, etc W. Somerset Magham
260 ## - PUBLICATION, DISTRIBUTION, ETC. (IMPRINT)
Place of publication, distribution, etc London :
Name of publisher, distributor, etc Heinemann,
Date of publication, distribution, etc 1966.
300 ## - PHYSICAL DESCRIPTION
Pagination various p. :
Dimensions 18 cm.
650 ## - SUBJECT ADDED ENTRY--TOPICAL TERM
Topical term or geographic name as entry element Collected Palys
942 ## - ADDED ENTRY ELEMENTS (KOHA)
Source of classification or shelving scheme Dewey Decimal Classification
Koha item type Books
Holdings
Source of classification or shelving scheme volume number Damaged status Not for loan Home library Current library Shelving location Date of accession Total Checkouts Full call number Barcode Date last seen Copy number Koha item type
Dewey Decimal Classification V-2     JCC Rouf Library JCC Rouf Library General Stacks 01/24/2018   822.33 MAU 1964 9020 01/24/2018 C-1 Books
Dewey Decimal Classification       JCC Rouf Library JCC Rouf Library General Stacks     822.33 MAU 1964 8714 01/31/2018 C-2 Books
Dewey Decimal Classification V-3     JCC Rouf Library JCC Rouf Library General Stacks 02/28/2018   822.33 MAU 1964 9180 02/28/2018 C-3 Books

JCC Library | Contacts | JCC Home

Last Update on 23 September 2017
Copyright @ 2017-2020 JCC Rouf Library
Rouf Library, Jhenidah Cadet College (JCC), Bangladesh